01204nam a22002297a 4500952009600000999001700096005001700113008004100130020001500171050001500186100002700201245007900228260003200307300002200339504008700361505039100448519006000839650002900899650002000928650001900948942000700967 00102lcc4070a20b20d2015-09-17l0oHM134 L45p20 002664r2015-09-17t1w2015-09-17yLB c98076d9807620231102151851.0150917b1992 xxu||||| |||| 00| 0 spa d a9586530248 aHM134bL45 aLeigh, Davide , autor aComo entrenar un grupo eficienteb : Métodos prácticosc / David Leigh aColombiab : LEGISc , 1992 axv, 197 páginas aIncluye: Tabla de contenido prólogo Prefacio Lecturas adicionales (página 197) aIntroducción al proceso de entrenamiento Fijación de objetivos Desarrollar un plan de estudio El ambiente del entrenameinto Métodos de capacitación Habilidades para expresarse y enseñar Preguntas y respuestas Manejar gente problema Crear afinidad Utilizar la voz Comunicación no verbal Manejar el estrés Apoyo visual Evaluación del entrenameinto Listas de verificación aMaterial Complementario / bPedagogía / d(20 002664) 0aPROCESO DE ENTRENAMIENTO 0aPLAN DE ESTUDIO 0aCAPACITACIÓN cLB